| 000 | 01003nam a22002537a 4500 | ||
|---|---|---|---|
| 005 | 2012120407367.0 | ||
| 008 | 121204t xxu||||| |||| 00| 0 eng d | ||
| 010 | _aENG-106259 | ||
| 020 |
_a9788184841565 _c1150.00 |
||
| 035 | _aEN-89792 | ||
| 037 | _bDBAD/PUB | ||
| 040 |
_aDPL _bEng |
||
| 082 | _a346.0480954 | ||
| 100 |
_aUma Devi, K. _954009 |
||
| 245 |
_aThe law of intellectual property rights : _cby K. Uma Devi, G. Indira Priya Darsini [and] V. Sowbhagya Rani _bvarious dimensions / |
||
| 260 |
_aNew Delhi _bRegal Publications _c2012 |
||
| 270 |
_aF-159 Rajouri Garden _bNew Delhi _e110027 |
||
| 300 |
_axvi,308p. _c23cm(Hb) |
||
| 500 | _aIncludes bibliographical references and index | ||
| 700 |
_aIndira Priya Darsini, G. _954014 |
||
| 700 |
_aSowbhagya Rani, V. _954015 |
||
| 942 |
_2ddc _cEN _mUMA _h346.0480954 |
||
| 999 |
_c71813 _d71813 |
||